| 000 | 00343nam a2200133Ia 4500 | ||
|---|---|---|---|
| 005 | 20260328104318.0 | ||
| 008 | 260328s9999||||xx |||||||||||||| ||und|| | ||
| 100 | _aMeyhofer, Dirk | ||
| 245 | 0 |
_aContemporary Japanese Architects / _cDirk Meyhofer |
|
| 260 | _bTaschen | ||
| 300 | _a176 p. | ||
| 650 | _aARQUITECTURA CONTEMPORANEA | ||
| 942 | _cBK | ||
| 999 |
_c11240 _d11240 |
||